<?xml version="1.0" encoding="UTF-8"?>
<record
    xmlns:xsi="http://www.w3.org/2001/XMLSchema-instance"
    xsi:schemaLocation="http://www.loc.gov/MARC21/slim http://www.loc.gov/standards/marcxml/schema/MARC21slim.xsd"
    xmlns="http://www.loc.gov/MARC21/slim">

  <leader>01335nam a22002417a 4500</leader>
  <controlfield tag="005">20230125162259.0</controlfield>
  <controlfield tag="008">230125b           ||||| |||| 00| 0 eng d</controlfield>
  <datafield tag="020" ind1=" " ind2=" ">
    <subfield code="a">9780071315463</subfield>
  </datafield>
  <datafield tag="040" ind1=" " ind2=" ">
    <subfield code="c">AL</subfield>
  </datafield>
  <datafield tag="041" ind1=" " ind2=" ">
    <subfield code="a">English</subfield>
  </datafield>
  <datafield tag="082" ind1=" " ind2=" ">
    <subfield code="2">23</subfield>
    <subfield code="a">575.1 </subfield>
    <subfield code="b">BROG </subfield>
  </datafield>
  <datafield tag="100" ind1=" " ind2=" ">
    <subfield code="a">Robert J Brooker</subfield>
    <subfield code="9">69939</subfield>
  </datafield>
  <datafield tag="245" ind1=" " ind2=" ">
    <subfield code="a">Genetics: Analysis and  Principles</subfield>
  </datafield>
  <datafield tag="250" ind1=" " ind2=" ">
    <subfield code="a">4.</subfield>
  </datafield>
  <datafield tag="260" ind1=" " ind2=" ">
    <subfield code="a">New York</subfield>
    <subfield code="b"> Mcgraw Hill Companies Inc</subfield>
    <subfield code="c">2012</subfield>
  </datafield>
  <datafield tag="300" ind1=" " ind2=" ">
    <subfield code="a">xviii,846 p.</subfield>
    <subfield code="b">PB</subfield>
    <subfield code="c">28x22.5 cm</subfield>
  </datafield>
  <datafield tag="365" ind1=" " ind2=" ">
    <subfield code="a">ABDI/0650/23</subfield>
    <subfield code="b">&#x20B9;4946.00</subfield>
    <subfield code="c">&#x20B9;</subfield>
    <subfield code="d">&#x20B9;5995.00</subfield>
    <subfield code="e">25%</subfield>
    <subfield code="f">16-01-2023</subfield>
  </datafield>
  <datafield tag="520" ind1=" " ind2=" ">
    <subfield code="a">"Genetics: Analysis and Principles" is a one-semester, introductory genetics textbook that takes an experimental approach to understanding genetics. By weaving one or two experiments into the narrative of each chapter, students can simultaneously explore the scientific method and understand the genetic principles that have been learned from these experiments. Rob Brooker, author of market leading texts in Genetics and Intro Biology for majors, brings his clear and accessible writing style to this new edition. The integration of the genetics text and the power of digital world are now complete with McGraw-Hill's ConnectPlus.</subfield>
  </datafield>
  <datafield tag="650" ind1=" " ind2=" ">
    <subfield code="a">Genetics Inheritance </subfield>
    <subfield code="9">69940</subfield>
  </datafield>
  <datafield tag="650" ind1=" " ind2=" ">
    <subfield code="a">Molecular Genetic</subfield>
    <subfield code="9">69941</subfield>
  </datafield>
  <datafield tag="700" ind1=" " ind2=" ">
    <subfield code="a">BROOKER (Robert J)</subfield>
    <subfield code="9">69942</subfield>
  </datafield>
  <datafield tag="942" ind1=" " ind2=" ">
    <subfield code="2">ddc</subfield>
    <subfield code="c">BK</subfield>
  </datafield>
  <datafield tag="999" ind1=" " ind2=" ">
    <subfield code="c">226449</subfield>
    <subfield code="d">226449</subfield>
  </datafield>
  <datafield tag="952" ind1=" " ind2=" ">
    <subfield code="0">0</subfield>
    <subfield code="1">0</subfield>
    <subfield code="2">ddc</subfield>
    <subfield code="4">0</subfield>
    <subfield code="7">0</subfield>
    <subfield code="8">BIOC</subfield>
    <subfield code="a">AL</subfield>
    <subfield code="b">AL</subfield>
    <subfield code="d">2023-01-24</subfield>
    <subfield code="e">Academic Book Distributors Ramanagaram 562159</subfield>
    <subfield code="g">4496.00</subfield>
    <subfield code="l">0</subfield>
    <subfield code="o">575.1  BROG </subfield>
    <subfield code="p">076347</subfield>
    <subfield code="r">2023-01-25 00:00:00</subfield>
    <subfield code="v">5995.00</subfield>
    <subfield code="w">2023-01-25</subfield>
    <subfield code="y">BK</subfield>
  </datafield>
</record>
